00615nam a22001697a 4500008004100000040001800041041000800059245012700067260006900194300002200263650001600285650002600301650003900327650001900366650003200385700002800417130821s1943 xxu gr eng  aCo-BoUCMbspa00aeng00aThe moonligth traveler Great tales of fantasy and imaginationcSelected and with an introduction by philip Van Doren Ster aGarden city (Nueva York, Estados Unidos)bDoubleday, Doranc1943 axx, 487 páginas04aColecciones04aNovela estadounidense04aNovela estadounidensevColecciones04aNovela inglesa04aNovela inglesavColecciones aStern, Philip Van Doren